000 00575nam a2200205Ii 4500
003 JO-AjNU
008 230606s9999||||xx |||||||||||||| ||und||
040 _aJO-AjNU
_beng
_erda
_cJO-AjNU
041 _aeng
050 1 4 _aPJ7577 2013
100 3 _aAL-Mousa,Nedal,
_eauthor
_93629
245 0 2 _aA Collection Of Comparative General Literary Studies
250 _a1 ed
264 3 1 _aAmman:AL Ahlia,2013
300 _a336P
336 _atext
_btxt
_2rdacontent
337 _aunmediated
_bn
_2rdamedia
338 _avolume
_bnc
_2rdacarrier
650 4 _aLiterary Studies
_93630
999 _aE1893
_c1893
_d1893